| 000 | 00876 a2200337 4500 | ||
|---|---|---|---|
| 001 | 110481 | ||
| 020 | _a9780545605953 | ||
| 041 | _aeng | ||
| 082 | _aA Year 1 [E] | ||
| 092 | _a2011031798 | ||
| 100 | _aDempsey, Kristy. | ||
| 250 | _a. ed. | ||
| 300 | _a[36] p. | ||
| 697 | _aChickens - Fiction. | ||
| 697 | _aRoosters - Fiction. | ||
| 697 | _aChickens | ||
| 697 | _aFather-daughter relationship - Fiction. | ||
| 697 | _aFathers and daughters | ||
| 697 | _aFathers and daughters - Fiction. | ||
| 697 | _aRoosters | ||
| 697 | _aSurfing | ||
| 697 | _aPicture books for children. | ||
| 697 | _aStories in rhyme. | ||
| 697 | _aSurfing - Fiction. | ||
| 856 | _u000019/000019e9.jpg | ||
| 040 |
_aBR-BrIDEA _cBR-BrIDEA |
||
| 090 |
_aA Year 1 [E] _bDEM |
||
| 245 | 1 | 0 |
_aSurfer Chick _c Kristy Dempsey |
| 260 |
_a[S.l.] _bScholastic _c2012 |
||
| 942 | _cBK | ||
| 999 |
_c110481 _d110481 |
||